| 000 | 00471nam a2200181Ia 4500 | ||
|---|---|---|---|
| 001 | 11890 | ||
| 005 | 20260306162901.0 | ||
| 008 | 260306t2021||||xx |||||||||||||| ||spa|| | ||
| 041 | _aESP | ||
| 082 |
_aHR 200 _bV. 55 SET-DIC 2021 RTL |
||
| 110 | _aFacultad de Teología Pontificia y Civil de Lima | ||
| 245 | 0 | _aRevista teológica limense | |
| 260 | _c2021 | ||
| 300 |
_a284-404 páginas : _c23 cm. |
||
| 650 | _aGEN | ||
| 654 | _aCHU | ||
| 942 |
_cREV _dJUS _fJUS _2ddc _n |
||
| 999 |
_c11890 _d11890 |
||